38. výstava amatérskej fotografie a diapozitívov okresov Senica a Skalica Hornozáhorské osvetové stredisko Senica 20.2.-20.3.1998

Bibliographic Details
Corporate Authors: Výstava amatérskej fotografie a diapozítivov Senica, Slovensko (Author), Hornozáhorské osvetové stredisko (Senica, Slovensko) (Author)
Format: Conference Proceeding Book
Language:Slovak
PhysicalDescription:18 s. fotogr. 21x20 cm
Published: Senica Hornozáhorské osvetové stredisko 1998
ISBN:8070910100
Subjects:

MARC

LEADER 00000nam a2200000 a 4500
001 vtls001327279
003 SK-MaSNL
005 20260301114246.0
008 251023s1998 xo b r y 0 slo
015 |a SNBE1998/03-01773 
020 |a 8070910100 
035 |a SNK000280075 
040 |a SNK  |b slo  |c SNK  |e AACR2 
041 0 |a slo 
044 |a xo  |c SK 
080 |a 77.04+77.063:061.4(083.9)  |2 1981 
080 |a 77.063  |2 1981 
111 1 |a Výstava amatérskej fotografie a diapozítivov  |n 38.  |d 1998  |c Senica, Slovensko  |4 aut  |9 457484 
245 1 |a 38. výstava amatérskej fotografie a diapozitívov okresov Senica a Skalica  |b Hornozáhorské osvetové stredisko Senica 20.2.-20.3.1998 
246 1 3 |a Tridsiataôsma výstavy amatérskej fotografie a diapozitívov okresov Senica a Skalica 
260 |a Senica  |b Hornozáhorské osvetové stredisko  |c 1998 
300 |a 18 s.  |b fotogr.  |c 21x20 cm 
500 |a 150 výt. 
610 0 7 |a Výstava amatérskej fotografie a diapozitívov  |b 38.  |d 1998  |x výstavy  |x katalógy  |2 SNK  |9 457485 
610 2 7 |a Hornozáhorské osvetové stredisko (Senica, Slovensko)  |2 SNK  |9 32582 
611 1 7 |a Výstava amatérskej fotografie a diapozitívov  |n 38.  |d 1998  |c Senica, Slovensko  |x výstavy  |x katalógy  |2 SNK  |9 457486 
650 0 7 |a amatérska fotografia  |2 SNK  |9 72795 
651 7 |a Senica (Slovensko : okres)  |2 SNK  |9 74195 
655 7 |a informačné publikácie  |2 SNK  |9 70181 
710 0 |a Hornozáhorské osvetové stredisko (Senica, Slovensko)  |4 aut  |9 32582 
919 |a 80-7091-010-0 
958 |a TL 
958 |a BQ 
999 |c 717713  |d 719643 
952 |t P60, <03>, [BOOK], {603}  |a SNK  |b SNK  |y PREZ  |7 0  |p 17A0130788  |o snkOSC 19600  |i snkKSP 3811/98  |0 0  |1 0  |4 0  |d 1998-04-08  |l 0  |r 2005-01-02 00:00:00  |w 2026-02-23 
952 |t P60, <04>, [BOOK], {604}  |a SNK  |b SNK  |y VYP  |7 0  |p 17A0130789  |o snkOSC 19600 D1  |i snkKSP 3812/98  |0 0  |1 0  |4 0  |d 1998-04-08  |l 0  |r 2005-01-02 00:00:00  |w 2026-02-23